[Event "Detroit (MI Action/6/6)"]
[Site "?"]
[Date "1996.??.??"]
[Round "?"]
[White "Sanborn, Richard"]
[Black "Herron, J."]
[Result "1-0"]
[WhiteElo "1810"]
[BlackElo "1740"]
[PlyCount "75"]
[EventDate "1996.??.??"]

{6/(6)} 1. e4 g6 2. d4 Bg7 3. c3 d6 4. f4 Nf6 5. Bd3 O-O 6. Nf3 Nbd7 7. e5 dxe5
8. fxe5 Ne8 9. O-O c5 10. Be3 cxd4 11. cxd4 Nb6 12. Nc3 Nc7 13. Be4 Ncd5 14.
Bf2 Bg4 15. Nxd5 Nxd5 16. Rc1 e6 17. Qb3 b6 18. Rc6 Bh6 19. Bxd5 Qxd5 20. Qxd5
exd5 21. h3 Be6 22. Re1 Rac8 23. Rxc8 Rxc8 24. Be3 Bf8 25. Rc1 Rc4 26. b3 Rxc1+
27. Bxc1 b5 28. Kf2 b4 29. g4 Kg7 30. Bg5 h6 31. Bf6+ Kh7 32. Ne1 h5 33. Kf3 a5
34. Bd8 f5 35. exf6 hxg4+ 36. hxg4 Kh6 37. Nd3 Bd6 38. Ne5 1-0

[Event "Flint (MI Jr/1/18)"]
[Site "?"]
[Date "1996.??.??"]
[Round "?"]
[White "Salami, Samer"]
[Black "Pleasant, Andrew"]
[Result "1-0"]
[WhiteElo "1605"]
[BlackElo "1605"]
[PlyCount "74"]
[EventDate "1996.??.??"]

{1/(18)} 1. e4 c5 2. Nf3 d6 3. c3 Nf6 4. Be2 g6 5. Qc2 Bg7 6. d4 cxd4 7. cxd4
O-O 8. d5 Nbd7 9. Bf4 Qb6 10. Nc3 Nc5 11. Be3 Qa5 12. Nd2 Bg4 13. f3 Bd7 14. a3
Rac8 15. b4 Ba4 16. Qb2 Qb6 17. Nxa4 Nxa4 18. Qb3 Rc3 19. Bxb6 Rxb3 20. Nxb3
axb6 21. Rc1 Ra8 22. Bb5 Nh5 23. O-O Nc3 24. a4 Nf4 25. Rc2 Nxa4 26. Ra2 Bd4+
27. Nxd4 Rc8 28. Rxa4 e6 29. dxe6 fxe6 30. Bd7 Rc4 31. Nxe6 Rc2 32. Nxf4 Kf7
33. Ra7 Rb2 34. Rxb7 Rxb4 35. Nd5 Rd4 36. e5 b5 37. e6+ Kf8 1-0

[Event "Flint (MI Jr/5/11)"]
[Site "?"]
[Date "1996.??.??"]
[Round "?"]
[White "Salami, Samer"]
[Black "Hamade, Wael"]
[Result "0-1"]
[WhiteElo "1605"]
[BlackElo "1605"]
[PlyCount "79"]
[EventDate "1996.??.??"]

{5/(11)} 1. e4 e5 2. f4 Bd6 3. Nf3 exf4 4. d4 f6 5. e5 fxe5 6. dxe5 Bc5 7. Bxf4
d6 8. Bc4 Bg4 9. e6 Nc6 10. h3 Bxf3 11. Qxf3 Nd4 12. Qd3 d5 13. Bb3 Nxe6 14.
Bh2 Qe7 15. Kd1 c6 16. Re1 Nf6 17. Nd2 Bd6 18. g3 Qd7 19. Qf5 Kf7 20. Nf3 g6
21. Ng5+ Nxg5 22. Qxg5 Qxh3 23. Qd2 Bxg3 24. Bxg3 Qxg3 25. Re3 Qg4+ 26. Kc1
Rhe8 27. Qf2 Rxe3 28. Qxe3 a6 29. c3 Re8 30. Qd3 Re1+ 31. Bd1 h5 32. Qd2 Qg3
33. Kc2 Ne4 34. Qd4 Qf2+ 35. Qxf2+ Nxf2 36. Kd2 Re5 37. Bxh5 Rxh5 38. Rf1 Rf5
39. Ke3 Nd1+ 40. Ke2 0-1

[Event "Ann Arbor (Mini-Swiss/1/10)"]
[Site "?"]
[Date "1996.??.??"]
[Round "?"]
[White "Saenz, Scott"]
[Black "Wood, C."]
[Result "1-0"]
[WhiteElo "1605"]
[BlackElo "1605"]
[PlyCount "101"]
[EventDate "1996.??.??"]

{1/(10)} 1. d4 Nf6 2. c4 d5 3. Nc3 Nc6 4. Bg5 Ne4 5. Nxe4 dxe4 6. e3 h6 7. Bh4
g5 8. Bg3 Bg7 9. f3 Bf5 10. Qc2 Nb4 11. Qa4+ Nc6 12. d5 b5 13. Qxb5 O-O 14.
Qxc6 Bd7 15. Qxc7 Qxc7 16. Bxc7 Rac8 17. Bg3 Bxb2 18. Rb1 Bc3+ 19. Kf2 f5 20.
f4 g4 21. Ne2 Rxc4 22. Rc1 Rfc8 23. Nxc3 Rxc3 24. Rxc3 Rxc3 25. Be2 Rc2 26. h3
Bb5 27. Re1 h5 28. hxg4 hxg4 29. Kf1 Bd3 30. Bxd3 exd3 31. Rd1 d2 32. Ke2 Rxa2
33. Rxd2 Rxd2+ 34. Kxd2 Kf7 35. Kd3 e6 36. d6 Ke8 37. Kd4 Kd7 38. Ke5 a5 39.
Be1 a4 40. Bb4 g3 41. Ba3 Kd8 42. Kxe6 Ke8 43. d7+ Kd8 44. Be7+ Kc7 45. d8=Q+
Kc6 46. Qd5+ Kb6 47. Bd8+ Ka6 48. Qc6+ Ka7 49. Bb6+ Ka6 50. Bc5+ Ka5 51. Qb6#
1-0

[Event "Detroit (MI Action/1/24)"]
[Site "?"]
[Date "1996.??.??"]
[Round "?"]
[White "Saenz, Scott"]
[Black "Spindleman, Brian"]
[Result "0-1"]
[WhiteElo "1605"]
[BlackElo "1605"]
[PlyCount "32"]
[EventDate "1996.??.??"]

{1/(24)} 1. d4 Nf6 2. c4 g6 3. Nc3 Bg7 4. Bf4 O-O 5. e3 d6 6. Bd3 c5 7. d5 e5
8. dxe6 Bxe6 9. Bg5 Nc6 10. Ne4 Qa5+ 11. Nc3 Nb4 12. Nge2 a6 13. O-O d5 14.
cxd5 Nbxd5 15. Bxf6 Bxf6 16. Nxd5 Bxd5 {[Remainder illegible; 0-1, 45?]} 0-1

[Event "Ann Arbor (Mini-Swiss/3/9)"]
[Site "?"]
[Date "1996.??.??"]
[Round "?"]
[White "Saenz, Scott"]
[Black "Solon, Nathan"]
[Result "1-0"]
[WhiteElo "1605"]
[BlackElo "1605"]
[PlyCount "107"]
[EventDate "1996.??.??"]

{3/(9)} 1. d4 f5 2. c4 Nf6 3. Nc3 e6 4. Bg5 Bb4 5. Nf3 O-O 6. e3 d5 7. cxd5
exd5 8. Bd3 h6 9. Bh4 Be6 10. O-O Nbd7 11. Qc2 g6 12. Qb3 Bxc3 13. bxc3 Rb8 14.
c4 c6 15. cxd5 Bxd5 16. Bc4 Nb6 17. Bxd5+ Qxd5 18. Qxd5+ Nbxd5 19. Ne5 Kg7 20.
Bxf6+ Nxf6 21. f3 Rfd8 22. Rab1 Nd7 23. Nc4 Nf6 24. Na5 Re8 25. Kf2 Nd5 26.
Rfe1 Nb6 27. e4 f4 28. g3 fxg3+ 29. hxg3 Re7 30. Rb4 Rd8 31. Nb3 Rf7 32. Nc5
Re8 33. a4 Ree7 34. Reb1 g5 35. a5 Nd7 36. Rxb7 Nxc5 37. Rxe7 Rxe7 38. dxc5 Rd7
39. a6 Rd2+ 40. Ke3 Rc2 41. Rb7+ Kg6 42. Rxa7 Rxc5 43. Rc7 Kh5 44. a7 Ra5 45.
g4+ Kh4 46. Kf2 Ra2+ 47. Kf1 Kg3 48. e5 Kxf3 49. Rf7+ Kxg4 50. e6 Ra1+ 51. Ke2
Ra2+ 52. Kd3 Ra3+ 53. Kc2 Ra2+ 54. Kb3 1-0

[Event "Howell (US Am N/5/36)"]
[Site "?"]
[Date "1996.??.??"]
[Round "?"]
[White "Saenz, Scott"]
[Black "Robinson, Erik"]
[Result "0-1"]
[WhiteElo "1605"]
[BlackElo "1605"]
[PlyCount "56"]
[EventDate "1996.??.??"]

{5/(36)} 1. d4 Nf6 2. c4 e6 3. Nc3 b6 4. Bg5 Bb7 5. e3 d5 6. cxd5 Bxd5 7. Nxd5
Qxd5 8. Qa4+ b5 9. Bxb5+ c6 10. Bxc6+ Nxc6 11. Nf3 Bb4+ 12. Kd1 Ne4 13. Bh4 f6
14. Rc1 Rc8 15. a3 Bd6 16. Ke2 O-O 17. Rc2 Ne7 18. Rhc1 Qb7 19. h3 Rxc2+ 20.
Qxc2 Qa6+ 21. Kd1 f5 22. Bxe7 Bxe7 23. g4 Qf1+ 24. Ne1 Nxf2+ 25. Kd2 Ne4+ 26.
Kd1 Bh4 27. Qe2 fxg4 28. Qxg4 Nf2+ 0-1

[Event "Detroit (MI Action/6/4)"]
[Site "?"]
[Date "1996.??.??"]
[Round "?"]
[White "Saenz, Scott"]
[Black "Raupp, Kenneth A"]
[Result "0-1"]
[WhiteElo "1605"]
[BlackElo "1605"]
[PlyCount "36"]
[EventDate "1996.??.??"]

{6/(4)} 1. d4 e6 2. c4 f5 3. Nf3 Nf6 4. Bf4 b6 5. e3 Bb7 6. Nc3 Bb4 7. a3 Bxc3+
8. bxc3 Ne4 9. Qc2 O-O 10. Rd1 d6 11. d5 e5 12. Bg3 Nd7 13. Bd3 Nxg3 14. fxg3
e4 15. Bxe4 fxe4 16. Qxe4 Qf6 17. Qd3 Ne5 18. Nxe5 Qf2# 0-1

[Event "Howell (US Am N/3/40)"]
[Site "?"]
[Date "1996.??.??"]
[Round "?"]
[White "Saenz, Scott"]
[Black "Maul, Tim"]
[Result "0-1"]
[WhiteElo "1605"]
[BlackElo "1605"]
[PlyCount "100"]
[EventDate "1996.??.??"]

{3/(40)} 1. d4 d5 2. c4 c6 3. Nc3 Nf6 4. Nf3 Bf5 5. Bf4 e6 6. e3 Bd6 7. Bxd6
Qxd6 8. cxd5 exd5 9. Bd3 Bg4 10. O-O O-O 11. h3 Bh5 12. Be2 Nbd7 13. Nh2 Bxe2
14. Qxe2 Ne4 15. Nxe4 dxe4 16. Rfc1 Nb6 17. Nf1 f5 18. g4 f4 19. f3 fxe3 20.
fxe4 Qxd4 21. Nxe3 Qxe4 22. Rf1 Nd5 23. Rfe1 Rae8 24. Qc4 Qf3 25. Ng2 Qxh3 26.
Rxe8 Rxe8 27. Rd1 Kh8 28. Rd3 Qh6 29. Ra3 Qd2 30. Rb3 Re2 31. Rg3 Rxg2+ 32.
Rxg2 Qxg2+ 33. Kxg2 Ne3+ 34. Kf3 Nxc4 35. Ke4 Kg8 36. b3 Nd2+ 37. Ke5 Nf3+ 38.
Kd6 Nh2 39. Kc7 Nxg4 40. Kxb7 a5 41. Kxc6 h5 42. Kb5 h4 43. Kxa5 h3 44. b4 h2
45. b5 Ne5 46. a4 h1=Q 47. b6 Qa8+ 48. Kb5 Nd7 49. a5 Nxb6 50. axb6 Qb7 0-1

[Event "Howell (US Am N/6/37)"]
[Site "?"]
[Date "1996.??.??"]
[Round "?"]
[White "Saenz, Scott"]
[Black "Griffin, John"]
[Result "1-0"]
[WhiteElo "1605"]
[BlackElo "1630"]
[PlyCount "125"]
[EventDate "1996.??.??"]

{6/(37)} 1. d4 Nf6 2. c4 e6 3. Nc3 d5 4. Bg5 Be7 5. cxd5 exd5 6. e3 h6 7. Bh4
O-O 8. Bd3 b6 9. Nf3 Nbd7 10. O-O Bb7 11. a3 Ne4 12. Bxe7 Qxe7 13. Qc2 Rfe8 14.
Rfe1 c5 15. b3 Qf8 16. Bb5 Re7 17. Bxd7 Rxd7 18. Nxe4 dxe4 19. Ne5 Rd6 20. dxc5
bxc5 21. Red1 Rad8 22. Rxd6 Rxd6 23. Rd1 Qe7 24. Rxd6 Qxd6 25. Nc4 Qf6 26. h3
Bd5 27. Kh2 Qc6 28. a4 g6 29. g3 Be6 30. Nd2 f5 31. b4 Bd7 32. b5 Qb6 33. Nb3
Bc8 34. Qxc5 Qxc5 35. Nxc5 Kf7 36. a5 Ke7 37. b6 axb6 38. axb6 Kd6 39. b7 Bxb7
40. Nxb7+ Ke5 41. Nd8 h5 42. h4 Kf6 43. Kg2 g5 44. hxg5+ Kxg5 45. Ne6+ Kg4 46.
Nf4 h4 47. gxh4 Kxh4 48. f3 Kg5 49. fxe4 fxe4 50. Kg3 Kf5 51. Kh4 Kf6 52. Kg4
Ke5 53. Kg5 Kd6 54. Kf5 Kc5 55. Kxe4 Kd6 56. Kf5 Ke7 57. e4 Kf7 58. e5 Ke7 59.
e6 Ke8 60. Kf6 Kf8 61. Ng6+ Ke8 62. e7 Kd7 63. Kf7 1-0

[Event "Detroit (MI Action/3/16)"]
[Site "?"]
[Date "1996.??.??"]
[Round "?"]
[White "Saenz, Scott"]
[Black "Goerke, Daniel"]
[Result "1-0"]
[WhiteElo "1605"]
[BlackElo "1605"]
[PlyCount "53"]
[EventDate "1996.??.??"]

{3/(16)} 1. d4 Nc6 2. d5 Nb4 3. a3 Na6 4. e4 Nf6 5. Nc3 d6 6. Bg5 e6 7. Nf3
exd5 8. Nxd5 h6 9. Bxf6 gxf6 10. b4 c6 11. Ne3 Bg4 12. Bxa6 Bxf3 13. Qxf3 bxa6
14. O-O Bg7 15. Nf5 Rg8 16. Rad1 Bf8 17. e5 fxe5 18. Qxc6+ Qd7 19. Qxa8+ Qd8
20. Qxd8+ Kxd8 21. Nxd6 Bxd6 22. Rxd6+ Kc7 23. Rfd1 e4 24. Rd7+ Kb6 25. R1d6+
Kb5 26. Rb7+ Ka4 27. Rxa6# 1-0

[Event "Ann Arbor (Mini-Swiss/3/11)"]
[Site "?"]
[Date "1996.??.??"]
[Round "?"]
[White "Saenz, Scott"]
[Black "Burghardt, Lango"]
[Result "1-0"]
[WhiteElo "1605"]
[BlackElo "1605"]
[PlyCount "69"]
[EventDate "1996.??.??"]

{3/(11)} 1. d4 d5 2. c4 dxc4 3. Nc3 Nc6 4. Nf3 Bg4 5. e3 Rb8 6. Bxc4 Bxf3 7.
Qxf3 Nf6 8. O-O e6 9. a3 Bd6 10. Bd2 h5 11. b4 Ng4 12. g3 h4 13. Qxg4 f5 14.
Qxg7 Rf8 15. Qg6+ Rf7 16. Bxe6 Qe7 17. Nd5 Qf8 18. Bxf7+ Qxf7 19. Qxf7+ Kxf7
20. gxh4 Rh8 21. b5 Nd8 22. Kg2 Rxh4 23. h3 Ne6 24. a4 Ng5 25. Rh1 c5 26. dxc5
Bxc5 27. Kg3 Re4 28. Rac1 Bd6+ 29. Kg2 f4 30. exf4 Ne6 31. f5 Nf4+ 32. Nxf4
Bxf4 33. Kf3 Bxd2 34. Kxe4 Bxc1 35. Rxc1 1-0

[Event "Detroit (Beg/2/1)"]
[Site "?"]
[Date "1996.??.??"]
[Round "?"]
[White "Saenz, Scott"]
[Black "Bernal, H."]
[Result "1-0"]
[WhiteElo "1605"]
[BlackElo "1605"]
[PlyCount "73"]
[EventDate "1996.??.??"]

{2/(1)} 1. d4 Nf6 2. c4 g6 3. Nc3 Bg7 4. Bg5 d6 5. e3 O-O 6. Bd3 h6 7. Bxf6
Bxf6 8. Nge2 Bg7 9. O-O Bg4 10. f3 Bh5 11. g4 Bxg4 12. fxg4 e5 13. d5 Qg5 14.
e4 Qxg4+ 15. Ng3 Qg5 16. Kh1 Nd7 17. Rg1 Qh4 18. Qf3 Qf6 19. Qxf6 Bxf6 20. Nf5
g5 21. Nxh6+ Kh7 22. Nf5 Rg8 23. Nb5 Nc5 24. Bc2 Rgc8 25. Raf1 a6 26. Nbxd6
cxd6 27. Nxd6 Nd7 28. Nxc8 Rxc8 29. Ba4 b5 30. cxb5 Kg6 31. h4 axb5 32. Bxb5
Nb6 33. hxg5 Be7 34. a4 Rc2 35. Be8 Kh5 36. Rxf7 Kg6 37. Rxe7# 1-0

[Event "Kalamazoo (MI Am/5/21)"]
[Site "?"]
[Date "1996.??.??"]
[Round "?"]
[White "Ryskamp, John"]
[Black "Tuzeneu, Jim"]
[Result "1-0"]
[WhiteElo "1605"]
[BlackElo "1605"]
[PlyCount "105"]
[EventDate "1996.??.??"]

{5/(21)} 1. e4 c6 2. d4 g6 3. Nf3 Bg7 4. Nc3 Nf6 5. e5 d5 6. exf6 Bxf6 7. Be3
Bg7 8. Qd2 Bf5 9. Bd3 Qd7 10. Bxf5 Qxf5 11. O-O-O Nd7 12. Bh6 Bxh6 13. Qxh6 g5
14. Qxg5 Qxg5+ 15. Nxg5 h6 16. Nf3 O-O-O 17. Rhe1 e6 18. Ne5 Rdf8 19. Nxd7 Kxd7
20. Ne2 h5 21. h4 Rfg8 22. g3 b5 23. c3 a5 24. Nf4 a4 25. Re5 Ke7 26. Rxh5 Kd7
27. Rxh8 Rxh8 28. Rh1 Ke7 29. g4 Kf6 30. Kd2 Ke7 31. Ng2 Kf6 32. f4 Kg7 33. Ne1
Kf6 34. Nd3 Rg8 35. Ne5 Ke7 36. g5 Kf8 37. Nxc6 Kg7 38. Ne5 Rh8 39. h5 Rf8 40.
Nd7 Rh8 41. h6+ Kg6 42. Ne5+ Kh7 43. Nxf7 Rg8 44. Ne5 Rf8 45. g6+ Kg8 46. Nf7
a3 47. b3 Rb8 48. h7+ Kg7 49. h8=Q+ Rxh8 50. Rxh8 Kxg6 51. Ne5+ Kf5 52. Ke3 b4
53. Rf8# 1-0

[Event "Kalamazoo (MI Am/3/17)"]
[Site "?"]
[Date "1996.??.??"]
[Round "?"]
[White "Ryskamp, John"]
[Black "Rozeboom, D."]
[Result "1/2-1/2"]
[WhiteElo "1605"]
[BlackElo "1605"]
[PlyCount "138"]
[EventDate "1996.??.??"]

{3/(17)} 1. e4 c5 2. Nf3 d6 3. Bb5+ Nd7 4. O-O a6 5. Bxd7+ Bxd7 6. c3 Nf6 7.
Re1 e6 8. d4 cxd4 9. cxd4 Be7 10. Nc3 O-O 11. Bg5 h6 12. Bh4 Ne8 13. Bxe7 Qxe7
14. Rc1 Nc7 15. Re3 Rfd8 16. Ne2 Rac8 17. Rec3 Nb5 18. R3c2 Rxc2 19. Rxc2 d5
20. e5 Be8 21. Qc1 Rd7 22. Nc3 Rc7 23. Nxb5 Rxc2 24. Qxc2 Bxb5 25. Qc8+ Kh7 26.
Qc2+ g6 27. a3 Kg7 28. h4 Bc6 29. b4 a5 30. Qc3 axb4 31. axb4 Qd8 32. Qc5 Ba4
33. Qa5 Qxa5 34. bxa5 Bd1 35. Nd2 Kf8 36. Kf1 Ke7 37. Ke1 Ba4 38. Nb1 Kd7 39.
Kd2 Bb5 40. Kc3 Ke7 41. f4 f6 42. g3 fxe5 43. fxe5 g5 44. Kb4 Bd3 45. Kc5 Bxb1
46. Kb6 Kf7 47. Kxb7 Bd3 48. a6 Bxa6+ 49. Kxa6 gxh4 50. gxh4 Kg6 51. Kb6 Kh5
52. Kc6 Kxh4 53. Kd6 Kg5 54. Kxe6 h5 55. Kxd5 h4 56. e6 h3 57. e7 h2 58. e8=Q
h1=Q+ 59. Qe4 Qf1 60. Qe5+ Kg6 61. Kd6 Qf8+ 62. Qe7 Qf4+ 63. Kc5 Qc1+ 64. Kd6
Qa3+ 65. Ke6 Qb3+ 66. d5 Qe3+ 67. Kd6 Qb6+ 68. Kd7 Qb5+ 69. Kd6 Qb6+ 1/2-1/2

[Event "Ann Arbor (Mini-Swiss/2/6)"]
[Site "?"]
[Date "1996.??.??"]
[Round "?"]
[White "Ryskamp, John"]
[Black "Marson, Michael"]
[Result "0-1"]
[WhiteElo "1605"]
[BlackElo "1655"]
[PlyCount "61"]
[EventDate "1996.??.??"]

{2/(6)} 1. e4 e6 2. d4 d5 3. e5 c5 4. c3 Nc6 5. Nf3 Qb6 6. Be2 cxd4 7. cxd4
Nge7 8. Na3 Nf5 9. Nc2 Bd7 10. a3 Rc8 11. b4 a5 12. b5 Nce7 13. a4 Ng6 14. Bb2
Be7 15. O-O O-O 16. Bd3 Rc7 17. Rc1 Rfc8 18. Re1 Nf4 19. Bxf5 exf5 20. Qd2 Qh6
21. Ne3 Bb4 22. Rxc7 Rxc7 23. Qd1 Bxe1 24. Qxe1 b6 25. Qd2 Be6 26. g3 Nh3+ 27.
Kg2 g5 28. Nh4 gxh4 29. Kxh3 f4+ 30. Ng4 Bxg4+ 31. Kxg4 $138 0-1

[Event "Kalamazoo (MI Am/1/11)"]
[Site "?"]
[Date "1996.??.??"]
[Round "?"]
[White "Ryskamp, John"]
[Black "Drysdale, Gilbert"]
[Result "0-1"]
[WhiteElo "1605"]
[BlackElo "1840"]
[PlyCount "40"]
[EventDate "1996.??.??"]

{1/(11)} 1. e4 d5 2. exd5 Nf6 3. Nc3 Nxd5 4. Nxd5 Qxd5 5. Nf3 Bg4 6. Be2 Nc6 7.
c3 O-O-O 8. d4 e5 9. Be3 exd4 10. Bxd4 Nxd4 11. Qxd4 Qxd4 12. Nxd4 Bxe2 13.
Kxe2 Bc5 14. Rhd1 Rhe8+ 15. Kd3 Bxd4 16. cxd4 c5 17. Rac1 Rxd4+ 18. Kc2 Re2+
19. Kb1 Rxd1 20. Rxd1 Rxf2 0-1

[Event "Eastpointe (EDO/4/13)"]
[Site "?"]
[Date "1996.??.??"]
[Round "?"]
[White "Rucker, Ed"]
[Black "Serwatowski, Felix"]
[Result "0-1"]
[WhiteElo "1605"]
[BlackElo "1605"]
[PlyCount "66"]
[EventDate "1996.??.??"]

{4/(13)} 1. c4 c5 2. Nc3 Nf6 3. e4 Nc6 4. Nf3 d6 5. Be2 Bg4 6. d3 e6 7. Bg5 Be7
8. O-O O-O 9. h3 Bxf3 10. Bxf3 Nd7 11. Be3 Bf6 12. Rc1 Nd4 13. Bxd4 Bxd4 14. b3
Rb8 15. Nb5 Qb6 16. a4 a6 17. Nxd4 cxd4 18. Rb1 Qb4 19. Qc1 b5 20. Qb2 e5 21.
Bg4 Nc5 22. Rfd1 bxa4 23. Qe2 axb3 24. Qf3 a5 25. Bf5 a4 26. Qg4 a3 27. Qh4 g6
28. Qg5 a2 29. Rb2 Qa3 30. Qc1 Na4 31. Rdd2 Nxb2 32. Rxb2 a1=Q 33. Rb1 Qxc1+
0-1

[Event "Kalamazoo (MI Am/2/29)"]
[Site "?"]
[Date "1996.??.??"]
[Round "?"]
[White "Rozeboom, D."]
[Black "Evans Sr., Thomas"]
[Result "0-1"]
[WhiteElo "1605"]
[BlackElo "1860"]
[PlyCount "86"]
[EventDate "1996.??.??"]

{2/(29)} 1. e4 e6 2. d4 d5 3. e5 c5 4. c3 cxd4 5. cxd4 Bb4+ 6. Bd2 Bxd2+ 7.
Qxd2 Ne7 8. Nf3 O-O 9. Bd3 h6 10. Nc3 a6 11. O-O Nbc6 12. Ne2 Qb6 13. a3 Na5
14. Rab1 Bd7 15. b4 Nc4 16. Bxc4 dxc4 17. Nc3 Bc6 18. Rfc1 Bxf3 19. gxf3 Qc6
20. Ne4 b5 21. Qc2 Nf5 22. Rd1 Rad8 23. Nd6 Nxd6 24. exd6 Rxd6 25. Qe4 Qxe4 26.
fxe4 Rfd8 27. f3 Rxd4 28. Rxd4 Rxd4 29. Kf2 Rd2+ 30. Kg3 Ra2 31. h4 Rxa3 32.
Kf4 Kf8 33. e5 a5 34. bxa5 Rxa5 35. Ke4 Ke7 36. Kd4 Kd7 37. Rg1 g6 38. Kc5 b4+
39. Kxb4 Rxe5 40. Kxc4 Re3 41. Rg3 Kd6 42. Rh3 Ke5 43. h5 g5 0-1

[Event "Kalamazoo (MI Am/4/14)"]
[Site "?"]
[Date "1996.??.??"]
[Round "?"]
[White "Rozeboom, D."]
[Black "Brown, Ralph"]
[Result "1-0"]
[WhiteElo "1605"]
[BlackElo "1660"]
[PlyCount "81"]
[EventDate "1996.??.??"]

{4/(14)} 1. e4 e5 2. Nf3 Nc6 3. Bc4 h6 4. d4 exd4 5. Nxd4 Bc5 6. Bxf7+ Kxf7 7.
Qh5+ Kf8 8. Qxc5+ d6 9. Qc3 Qe8 10. f3 Qe5 11. Nxc6 Qxc3+ 12. Nxc3 bxc6 13. Be3
Be6 14. O-O Nf6 15. f4 Re8 16. e5 Nd5 17. Nxd5 Bxd5 18. Rae1 dxe5 19. fxe5+ Ke7
20. Bxa7 Be6 21. a4 Kd7 22. Bc5 Kc8 23. Rf4 Rd8 24. Rd4 Rd5 25. b4 Rhd8 26. c3
Kb7 27. Re3 g6 28. Kf2 R8d7 29. Rxd5 cxd5 30. b5 g5 31. a5 Rf7+ 32. Rf3 Rxf3+
33. Kxf3 Bd7 34. a6+ Kc8 35. b6 cxb6 36. Bxb6 h5 37. Ke3 h4 38. Kd4 g4 39. g3
hxg3 40. hxg3 Bb5 41. a7 1-0

[Event "Lansing (MOR/6/17)"]
[Site "?"]
[Date "1996.??.??"]
[Round "?"]
[White "Royster, H."]
[Black "Grzegorczyk, Ron"]
[Result "0-1"]
[WhiteElo "1605"]
[BlackElo "1680"]
[PlyCount "62"]
[EventDate "1996.??.??"]

{6/(17)} 1. e4 c5 2. Nf3 Nc6 3. Bc4 e6 4. c3 d5 5. exd5 exd5 6. Bb5 Qe7+ 7. Qe2
Qxe2+ 8. Bxe2 Nf6 9. O-O Be7 10. Bb5 O-O 11. Bxc6 bxc6 12. d3 Ba6 13. Ne5 Rac8
14. b3 Bd6 15. Re1 Rfe8 16. f4 d4 17. c4 Ng4 18. Nd2 Bxe5 19. fxe5 Nxe5 20. Ne4
Nxd3 21. Nf6+ gxf6 22. Rxe8+ Rxe8 23. Bd2 Re2 24. Ba5 Bc8 25. Rd1 Bf5 26. Kf1
Rxa2 27. Bd2 Bg4 28. Re1 Rxd2 29. Re8+ Kg7 30. h3 Rd1+ 31. Re1 Rxe1# 0-1

[Event "Lansing (MOR/2/18)"]
[Site "?"]
[Date "1996.??.??"]
[Round "?"]
[White "Royster, H."]
[Black "Griffin, John"]
[Result "0-1"]
[WhiteElo "1605"]
[BlackElo "1605"]
[PlyCount "92"]
[EventDate "1996.??.??"]

{2/(18)} 1. d4 Nf6 2. Nf3 e6 3. Bg5 Be7 4. Bxf6 Bxf6 5. e4 d6 6. Bd3 Nd7 7.
Nbd2 c5 8. Bb5 a6 9. Bxd7+ Qxd7 10. c3 b5 11. O-O O-O 12. Qe2 cxd4 13. cxd4 Bb7
14. e5 Be7 15. Qe3 Rac8 16. Rac1 Rxc1 17. Rxc1 Rc8 18. Rxc8+ Qxc8 19. h3 Qc1+
20. Kh2 Qxb2 21. exd6 Bxd6+ 22. Ne5 Qc2 23. f4 Qxa2 24. Ndf3 Qd5 25. h4 Qe4 26.
Qd2 f6 27. Kh3 fxe5 28. dxe5 Bf8 29. Qd8 Qxf4 30. Qb6 Bxf3 31. Qxe6+ Qf7 32.
Qxf7+ Kxf7 33. gxf3 b4 34. f4 b3 35. f5 b2 36. Kg4 b1=Q 37. Kg5 Qg1+ 38. Kf4
Qh2+ 39. Ke4 Qxh4+ 40. Kd5 Be7 41. e6+ Kf6 42. Kc6 Kxf5 43. Kd7 Bb4 44. e7
Qxe7+ 45. Kc8 Ba5 46. Kb8 Bb6 0-1

[Event "Lansing (MOR/4/16)"]
[Site "?"]
[Date "1996.??.??"]
[Round "?"]
[White "Royster, H."]
[Black "Carr, Jay"]
[Result "0-1"]
[WhiteElo "1605"]
[BlackElo "1700"]
[PlyCount "114"]
[EventDate "1996.??.??"]

{4/(16)} 1. d4 d5 2. e3 c6 3. Bd3 Nf6 4. Nf3 Bg4 5. Nbd2 Nbd7 6. O-O e6 7. Be2
Bd6 8. Ng5 Bxe2 9. Qxe2 Qc7 10. f4 h6 11. Ngf3 O-O-O 12. a3 Rdg8 13. c4 g5 14.
Ne5 Rh7 15. b4 dxc4 16. Ndxc4 Nd5 17. Bd2 f6 18. Nxd6+ Qxd6 19. Nc4 Qc7 20. b5
gxf4 21. e4 Ne3 22. Bxe3 fxe3 23. Nxe3 c5 24. Rac1 b6 25. d5 exd5 26. exd5 Qe5
27. Rf5 Qe4 28. Rf2 Re7 29. Rf3 Rge8 30. Re1 Qd4 31. Kf1 f5 32. g3 Nf6 33. Rd1
Rxe3 34. Rxe3 Qxe3 35. Qc2 Qf3+ 36. Kg1 Re2 37. Qxe2 Qxe2 38. Rf1 Qe3+ 39. Kg2
Qe4+ 40. Kg1 Nxd5 41. h3 Ne3 42. Rf2 Qb1+ 43. Kh2 Qxb5 44. g4 fxg4 45. Rf8+ Kb7
46. Kg3 gxh3 47. Kxh3 Qd7+ 48. Kg3 Qg7+ 49. Kf3 Qxf8+ 50. Kxe3 Kc6 51. Kd3 Kd5
52. a4 Qf3+ 53. Kc2 Kc4 54. a5 b5 55. a6 Qe2+ 56. Kb1 Kc3 57. Ka1 Qb2# 0-1

[Event "Kalamazoo (MI Am/5/3)"]
[Site "?"]
[Date "1996.??.??"]
[Round "?"]
[White "Rotberg, Victor"]
[Black "Williams, Ken"]
[Result "0-1"]
[WhiteElo "1800"]
[BlackElo "1900"]
[PlyCount "78"]
[EventDate "1996.??.??"]

{5/(3)} 1. e4 c5 2. Nf3 Nc6 3. d4 cxd4 4. Nxd4 g6 5. c4 Bg7 6. Be3 Nf6 7. Nc3
d6 8. Be2 O-O 9. O-O Nd7 10. Rc1 Nc5 11. f4 Nxd4 12. Bxd4 Bxd4+ 13. Qxd4 Qa5
14. Nd5 Qd8 15. f5 f6 16. Rc3 g5 17. Rh3 Kg7 18. Qe3 Nd7 19. Rff3 Ne5 20. Rfg3
h6 21. Rh5 Rh8 22. h4 Nf7 23. hxg5 Nxg5 24. Qd4 Kf7 25. Kf1 Bd7 26. c5 dxc5 27.
Qe3 Bxf5 28. Bc4 Be6 29. Qf4 Qd6 30. Qh4 Bxd5 31. Bxd5+ e6 32. Bb3 Qd2 33. Kg1
Qd4+ 34. Kh2 Qxe4 35. Rg4 Qe5+ 36. Kh1 Rad8 37. Rxh6 Kg7 38. Rh5 Rxh5 39. Qxh5
Rh8 0-1

[Event "Lansing (MI Op/3/25)"]
[Site "?"]
[Date "1996.??.??"]
[Round "?"]
[White "Rotberg, Victor"]
[Black "Triplett, Thomas"]
[Result "1-0"]
[WhiteElo "1820"]
[BlackElo "1990"]
[PlyCount "135"]
[EventDate "1996.??.??"]

{3/(25)} 1. e4 c5 2. Nf3 d6 3. d4 cxd4 4. Nxd4 Nf6 5. Nc3 a6 6. Be2 e5 7. Nb3
Be7 8. O-O O-O 9. f4 exf4 10. Bxf4 Nc6 11. Kh1 Ne5 12. Qe1 Qc7 13. Qg3 Be6 14.
Nd4 Rac8 15. Bg5 Ng6 16. Nf5 Bxf5 17. exf5 Ne5 18. Bh6 Ne8 19. f6 Bxf6 20. Rxf6
Ng6 21. Bxg7 Kxg7 22. Rf2 d5 23. Qxc7 Nxc7 24. Bd3 Ne5 25. Bf5 Rcd8 26. Re1
Rfe8 27. Rd1 Nc4 28. Bxh7 Nxb2 29. Rdf1 Rd7 30. Bf5 Rde7 31. g4 Nc4 32. Nd1 Nb5
33. h4 Nbd6 34. Kg2 Ne4 35. Bxe4 dxe4 36. g5 Rd8 37. Kg3 Nd2 38. Re1 Rc7 39.
Ne3 Rc3 40. Kg4 Nf3 41. Nf5+ Kf8 42. Rxe4 Nd2 43. Ref4 Rxc2 44. Nh6 Rc4 45.
Rxc4 Nxc4 46. Rxf7+ Ke8 47. Rxb7 Rd2 48. Nf5 Rxa2 49. g6 Rg2+ 50. Kh5 a5 51. g7
a4 52. g8=Q+ Rxg8 53. Rb8+ Kd7 54. Rxg8 Nb6 55. Rg7+ Kc6 56. Kg6 a3 57. Ra7 Nc4
58. Nd4+ Kb6 59. Ra8 Na5 60. h5 a2 61. Nc2 Kb5 62. h6 Ka4 63. Rxa5+ Kxa5 64. h7
Ka4 65. h8=Q Kb3 66. Na1+ Ka3 67. Qc3+ Ka4 68. Qc2+ 1-0

[Event "Detroit (WCO/4/4)"]
[Site "?"]
[Date "1996.??.??"]
[Round "?"]
[White "Rotberg, Victor"]
[Black "Scales, H."]
[Result "1-0"]
[WhiteElo "1785"]
[BlackElo "1605"]
[PlyCount "59"]
[EventDate "1996.??.??"]

{4/(4)} 1. e4 e6 2. d4 d5 3. Nc3 Bb4 4. e5 c5 5. a3 Bxc3+ 6. bxc3 Qa5 7. Bd2 c4
8. Qg4 g6 9. h4 h5 10. Qf3 Nc6 11. Nh3 Nce7 12. Ng5 Nh6 13. Qf6 Rf8 14. Nh7 Ng4
15. Qf4 Rh8 16. Ng5 Nf5 17. Be2 Ngh6 18. f3 Qa4 19. Kd1 Bd7 20. g4 hxg4 21.
fxg4 Ne7 22. Qf6 Rf8 23. Nh7 Nhg8 24. Qg7 O-O-O 25. Nxf8 Bc6 26. Qxf7 Qb5 27.
Qxe6+ Kb8 28. Nxg6 Bd7 29. Qd6+ Ka8 30. Nxe7 1-0

[Event "Detroit (Class B/5/5)"]
[Site "?"]
[Date "1996.??.??"]
[Round "?"]
[White "Rotberg, Victor"]
[Black "Rosenberg, Steve"]
[Result "0-1"]
[WhiteElo "1785"]
[BlackElo "1740"]
[PlyCount "60"]
[EventDate "1996.??.??"]

{5/(5)} 1. e4 Nf6 2. e5 Nd5 3. d4 d6 4. c4 Nb6 5. Nf3 Nc6 6. exd6 exd6 7. h3
Bf5 8. Bd3 Bg6 9. a3 Be7 10. O-O O-O 11. Nc3 Bf6 12. Be3 Ne7 13. g4 Bxd3 14.
Qxd3 Ng6 15. g5 Be7 16. Kh2 d5 17. c5 Nc4 18. Bc1 b6 19. b4 c6 20. Rg1 Qc7+ 21.
Kh1 Qd7 22. Rg3 Bd8 23. Nd2 Bc7 24. Rg1 Nf4 25. Qf3 Qxh3+ 26. Qxh3 Nxh3 27.
Nxc4 Nxg1 28. Nd6 Nf3 29. Be3 Rad8 30. Kg2 Nh4+ 0-1

[Event "Detroit (Class B/1/2)"]
[Site "?"]
[Date "1996.??.??"]
[Round "?"]
[White "Rotberg, Victor"]
[Black "Moore, Robert"]
[Result "1-0"]
[WhiteElo "1785"]
[BlackElo "1705"]
[PlyCount "39"]
[EventDate "1996.??.??"]

{1/(2)} 1. e4 c5 2. Nf3 d6 3. d4 cxd4 4. Nxd4 Nf6 5. Nc3 a6 6. Be2 Nc6 7. O-O
e6 8. Be3 Be7 9. f4 O-O 10. Kh1 Qc7 11. Bf3 Rb8 12. Qe1 Bd7 13. Nde2 Na5 14.
Rd1 Nc4 15. Bc1 Bc6 16. b3 Nb6 17. Qg3 Nbd7 18. Bb2 Rbc8 19. Nd4 e5 20. Nf5 1-0